000 01326nam2a22002651 4500
001 v19\rc\1426976
005 20250618130623.0
035 _a(NLR Aleph) 004574868
090 _a2451259
_c2451259
100 _a20060620d1852 |||y0rusy50 ca
101 0 _arus
102 _aRU
105 _ay z |||||
200 0 _a... [за 1851 год]
_fПредставлен г. управляющим Отд-нием вост. археологии Мирзою Джафаром Топчибашевым, в заседании Отд-ния, 22 окт. 1851 г.
210 _d[1852]
_aБ. м.
215 _a5 с.
461 0 _1001v19\rc\1426975
_12001#$aОтчет о трудах и действиях Отделения восточной археологии...$v... [за 1851 год]
_92451250
_aРусское археологическое общество. Восточное отделение
_c[Санкт-Петербург
_d1852]
_tОтчет о трудах и действиях Отделения восточной археологии...
_v... [за 1851 год]
702 1 _aТопчибашев
_bД.
_f1790-1869
_gДжафар
_4570
801 0 _aRU
_bNLR
_gpsbo
801 0 _aRU
_bRuMoRGB
_2psbo
801 1 _aRU
_bProSoft-M
_2rusmarc
852 _aNLR
_j18.8.3.335
852 _aNLR
_j18.291.5.48
942 _cBOOK
980 _aNB